История на Съветския съюз (Запис номер 96562)
[ съкратено ]
| 000 -Лидер | |
|---|---|
| Контролно поле с фиксирана дължина | 01813nam a2200409 c 4500 |
| 003 - Код на организацията, давaща контролен номер | |
| Контролно поле | BLK |
| 005 - Дата и час на последна редакция | |
| Контролно поле | 20230725163749.0 |
| 008 - Елементи от данни с фиксирана дължина | |
| fixed length control field | 180409b bul|||||r ||||||| ||bul|| |
| 010 ## - Наследен системен номер | |
| LC control number | KNG00101462000 |
| 020 ## - Международен стандартен номер на книга ISBN | |
| Международен стандартен номер на книга ISBN | 954-9890-12-0 |
| -- | издат.: Кама |
| 040 ## - Източник на каталожния запис | |
| Идентификатор на билиотеката - собственик на записа | BLK |
| 041 ## - Код за език | |
| Код за езика на текст/звукозапис или на отделно заглавие | Български |
| Код за езика КДБФ | Български |
| 080 ## - УДК | |
| Текстов определител УДК | История на Русия и СССР. Вж и 936 ; 957 |
| УДК код - определител по УДК | 94(470) |
| УДК определител | |
| УДК - код + определител | 94(470) |
| 100 1# - Редна дума - Автор | |
| Автор | Верт, Никола |
| Авторска отговорност | първи автор |
| R(LIN) | 47700 |
| 139 ## - Редно поле | |
| Редна дума | Верт, Николай |
| Авторски знак | Верн - В 50 |
| 245 10 - Сведения за заглавието | |
| Заглавие | История на Съветския съюз |
| Редно поле (дума) | Никола Верт; прев. от фр. Галина Илчева; прев. от фр. Стефанка Костова; прев. от фр. Милен Иванов Шипчанов; науч. ред. Андрей Лазаров Пантев; предг. от Искра Василева Баева. |
| 257 ## - Страна на издаване | |
| Страна на създаване/издаване | Франция |
| 260 ## - Област на издателските данни | |
| -- | София |
| Име на издателя, разпространителя и проч. | Кама |
| Година на издаване | 2000 |
| 300 ## - Физическа характеристика | |
| Страници | 480 с., 12 л. |
| Илюстрации и др. | сн. |
| Размери/Мащаб | 24 см |
| 380 ## - Жанр | |
| Жанр | История |
| 490 1# - СЕРИИ (Колекции) | |
| Име на серия | Поредица Време |
| №: серия | 3 |
| 500 ## - Общи забележки | |
| Забележка | Ориг. загл. Histoire de l`Union sovietique / Nicolas Werth |
| 650 #4 - Допълнително описание по предмет – тема | |
| Основно описание – тема или топоним | История - СССР |
| 9 (RLIN) | 249838 |
| 653 ## - Ключова дума – ненормативна | |
| Ключова дума | история |
| 653 ## - Ключова дума – ненормативна | |
| Ключова дума | Съветски съюз |
| 700 1# - Други автори (авторска отговорност) | |
| Лично име | Илчева, Галина |
| Автороска отговорност (Описва отношението между автора и произведението) | прев. от фр. |
| 9 (RLIN) | 374243 |
| 700 1# - Други автори (авторска отговорност) | |
| Лично име | Костова, Стефанка |
| 9 (RLIN) | 83287 |
| 700 1# - Други автори (авторска отговорност) | |
| Лично име | Шипчанов, Милен Иванов |
| Автороска отговорност (Описва отношението между автора и произведението) | прев. от фр. |
| 9 (RLIN) | 256969 |
| 700 1# - Други автори (авторска отговорност) | |
| Лично име | Пантев, Андрей Лазаров |
| 9 (RLIN) | 363433 |
| 700 1# - Други автори (авторска отговорност) | |
| Лично име | Баева, Искра Василева |
| Автороска отговорност (Описва отношението между автора и произведението) | предг. от |
| 9 (RLIN) | 364406 |
| 852 ## - Местоположение | |
| Форматна сигнатура | Цб 211576 |
| 856 4# - Електронен адрес и достъп | |
| Електронен формат | pdf - файл |
| Път до файла /url/ | |
| 856 4# - Електронен адрес и достъп | |
| Електронен формат | pdf - файл |
| Път до файла /url/ | |
| 942 ## - АРТИКУЛИ | |
| Вид на библиотечния материал | Книги |
| Скрит в OPAC | Не |
| Koha issues (borrowed), all copies | 3 |
| 944 ## - СЪЗДАВАНЕ И РЕДАКЦИЯ на ЗАПИСА | |
| Създаване/Редакция | Създаване |
| Дата на регистрацията/редакция | 01.01.2000 |
| Служител, извършил регистрацията/редакцията | 30529 |
| Статус, дата на статуса | Диана Гривева |
| 944 ## - СЪЗДАВАНЕ И РЕДАКЦИЯ на ЗАПИСА | |
| Създаване/Редакция | Редакция |
| Дата на регистрацията/редакция | 04.01.2007 |
| Служител, извършил регистрацията/редакцията | |
| 999 ## - СИСТЕМНИ КОНТРОЛНИ НОМЕРА | |
| Koha biblionumber | 96562 |
| Koha biblioitemnumber | 96562 |
| Код за отписване | Код за изгубен артикул | Източник на класификационната схема | Код за повреда | Коз за рестрикции | Код за отдаване | Артикулен № | Име на библиотеката - собственик | Име на библиотеката, в която се намира в момента | Статус (Текущо местоположение) | Дата на вписване в системата | Местоположение - отдел | Цена в лева | Инвентарен номер | Систематично азбучна сигнатура | Баркод | Номер на екземпляра | Цена в евро | Служебна бележка | Служебен тип на артикула |
|---|---|---|---|---|---|---|---|---|---|---|---|---|---|---|---|---|---|---|---|
| Не е изгубен | Universal Decimal Classification | Не е повреден | без рестрикции | ползва се в читалня | 154951 | Регионална библиотека "Любен Каравелов" Русе | Регионална библиотека "Любен Каравелов" Русе | Читалня | 2002-05-20 | Читалня | 17.00 | 120000670021 | Ч 93/94/В 50 Н | 120000670021 | 1 | 8.69 | Дост: Pk Вид: Ф N: 15 Дата: 20.05.2002 Дата инв: 28.03.2017 Бележки инв: Ч2017 | Книги | |
| Изтеглен | Не е изгубен | Universal Decimal Classification | Не е повреден | без рестрикции | заемане за дома | 154952 | Регионална библиотека "Любен Каравелов" Русе | Регионална библиотека "Любен Каравелов" Русе | Заемна - подръчен фонд | 2006-12-29 | Заемна - подръчен фонд | 17.00 | 120000708103 | П 947/В 50 Н | 120000708103 | 2 | 8.69 | Дост: Pk Вид: Ф N: 47416 Дата: 19.12.2006 Дата инв: 16.02.2018 Бележки инв: П2018 | Книги |